Preelaboración y conservación de alimentos /

Contiene: Maquinaria, equipos y utensilios para la producción culinaria; Higiene, seguridad y prevención en las zonas de producción culinaria; Técnicas de corte; Materias primas; Procesos de conservación de los alimentos.

Salvato in:
Dettagli Bibliografici
Autore principale: Pérez Oreja, Nuria (autor)
Altri autori: Mayor Rivas, Gustavo (autor) (autor), Navarro Tomás, Víctor J. (autor) (autor)
Natura: Libro
Lingua:spagnolo
Pubblicazione: Madrid, España : Síntesis, 2002, c2002
Serie:(Hostelería y Turismo. FP Grado Medio)
Soggetti:
Tags: Aggiungi Tag
Nessun Tag, puoi essere il primo ad aggiungerne!!

MARC

LEADER 00000nam^a2200000^a^4500
001 000155777
005 20250521000000.0
009 20260310100439.479
020 |a 84-7738-999-3 
037 |a Acervo ITESO - Biblioteca 
041 |a ESP 
082 |a 658. 9164794  |b HOS MED V. 4 
100 |a Pérez Oreja, Nuria  |e (autor) 
245 1 0 |a Preelaboración y conservación de alimentos /  |c N. Pérez Oreja, G. Mayor Rivas, V.J. Navarro Tomás. 
264 4 |a Madrid, España :  |b Síntesis,  |c 2002, c2002 
300 |a 270 p. 
336 |a texto  |b txt  |2 rdacontenido 
337 |a sin mediación  |b n  |2 rdamedio 
338 |a volumen  |b nc  |2 rdasoporte 
440 1 |a (Hostelería y Turismo.  |p FP Grado Medio) 
520 |a Contiene: Maquinaria, equipos y utensilios para la producción culinaria; Higiene, seguridad y prevención en las zonas de producción culinaria; Técnicas de corte; Materias primas; Procesos de conservación de los alimentos. 
649 |a XX 
650 |a Cereales 
650 |a Carne 
650 |a Pesca 
650 |a Verduras y Legumbres 
650 |a Alimentos y Bebidas -  |x Elaboración 
650 |a Alimentos y Bebidas -  |x Conservación 
650 |a Accesorios y Aparatos Domésticos 
650 |a Cocina -  |x Equipo y Aparatos 
650 |a Cocina -  |x Técnica 
650 |a Cocina -  |x Recetarios 
650 |a Gastronomía 
650 |a Higiene Industrial 
650 |a Cocinas -  |x Administración 
650 |a Cafeterías y Restaurantes -  |x Administración 
650 |a Sector Servicios -  |x Administración 
650 |a Turismo -  |x Administración 
650 |a Administración 
650 |a Ciencias Administrativas 
700 |a Mayor Rivas, Gustavo  |e (autor) 
700 |a Navarro Tomás, Víctor J.  |e (autor) 
910 |a Fondo General 
920 |a Impresos - Libros 
930 |a Colección General 
905 |a 101 
901 |a 0500083512  |b IT1  |c ACC  |u 20250521 
902 |a https://opac.biblio.iteso.mx/vufind/Record/000155777